Palme d'or - Statistiques

Statistiques générales
  • Ce quiz a été pris 253 fois
  • Le résultat moyen est 26 sur 80
Statistiques - réponses
Année Film % Correct
2019 Parasite
78%
1994 Pulp Fiction
78%
1979 Apocalypse Now
70%
2013 La Vie d'Adèle
62%
2012 Amour
61%
1993 La leçon de piano
59%
2002 Le Pianiste
59%
2009 Le Ruban blanc
54%
2017 The Square
53%
2003 Elephant
52%
2008 Entre les murs
52%
2011 The Tree of Life
51%
2000 Dancer in the Dark
50%
2004 Fahrenheit 9/11
49%
2010 Oncle Boonmee, celui qui se souvient de ses vies antérieures
49%
1976 Taxi Driver
49%
2015 Dheepan
48%
2016 Moi, Daniel Blake
48%
1979 Le Tambour
47%
2006 Le vent se lève
47%
1999 Rosetta
47%
2018 Une affaire de famille
47%
2001 La Chambre du fils
44%
1960 La dolce vita
44%
1997 L'Anguille
43%
2005 L'Enfant
43%
1974 Conversation secrète
42%
1984 Paris, Texas
41%
1990 Sailor et Lula
41%
1989 Sexe, Mensonges et Vidéo
41%
1987 Sous le soleil de Satan
41%
2014 Winter Sleep
40%
1997 Le Goût de la cerise
39%
1995 Underground
38%
1991 Barton Fink
37%
2007 4 mois, 3 semaines, 2 jours
35%
1964 Les Parapluies de Cherbourg
35%
1993 Adieu ma concubine
30%
1963 Le Guépard
30%
1985 Papa est en voyage d'affaires
30%
1983 La Ballade de Narayama
29%
1988 Pelle le Conquérant
29%
1996 Secrets et Mensonges
29%
1966 Un homme et une femme
29%
1986 Mission
28%
1998 L'Éternité et Un Jour
27%
1980 Kagemusha, l'ombre du guerrier
26%
1956 Le Monde du silence
25%
1967 Blow-Up
24%
1953 Le Salaire de la peur
23%
1949 Le troisième homme
23%
1969 If...
21%
1958 Quand passent les cigognes
21%
1970 M*A*S*H
20%
1978 L'Arbre aux sabots
19%
1992 Les Meilleures intentions
18%
1980 Que le spectacle commence
18%
1959 Orfeu Negro
17%
1951 Miracle à Milan
16%
1952 Othello
16%
1961 Viridiana
16%
1982 Yol, la permission
16%
1973 L'Épouvantail
15%
1975 Chronique des années de braise
14%
1972 La classe ouvrière va au paradis
14%
1965 Le Knack... et comment l'avoir
14%
1955 Marty
14%
1982 Missing
14%
1951 Mademoiselle Julie
13%
1977 Padre Pardone
13%
1962 La Parole donnée
12%
1981 L'Homme de fer
11%
1972 L'Affaire Mattei
10%
1954 La Porte de l'enfer
10%
1971 Le Messager
9%
1952 Deux sous d'espoir
8%
1966 Ces messieurs dames
7%
1957 La Loi du Seigneur
7%
1973 La Méprise
7%
1961 Une aussi longue absence
7%
Aucun quiz correspondant
Distribution des résultats
% des personnes avec chaque résultat
Percentile par nombre de réponses
Votre historique - résultats
Vous n’avez pas pris ce quiz